تصميم مادة لمهارة الاستماع المستوى المتقدم لبرنامج التوءمة بين الجامعة الإسلامية العالمية ومعهد المعلمين العالي بماليزيا
Saved in:
| Main Author: | |
|---|---|
| Format: | Thesis |
| Language: | Arabic |
| Published: |
Petaling Jaya, Selangor :
Jami'ah al-Islamiyah al-'Alamiyah,
1996
|
| Subjects: | |
| Online Access: | Click here to view 1st 24 pages of the thesis. Members can view fulltext at the specified PCs in the library. |
| Tags: |
Add Tag
No Tags, Be the first to tag this record!
|
| LEADER | 027440000a22004090004500 | ||
|---|---|---|---|
| 001 | 135289 | ||
| 005 | 20090529153400.0 | ||
| 008 | 960912s1996 my 000 0 ara | ||
| 035 | |a 474286 | ||
| 035 | |a (Sirsi) 135289 | ||
| 040 | |a UIAM |b eng | ||
| 043 | |a a-my--- | ||
| 049 | |b m | ||
| 050 | |a PJ6122 | ||
| 100 | 1 | |a Khalid, Ma'ad Ahmad | |
| 242 | 1 | 0 | |a Tasmim maddah li-maharat al-istima' : |b al-mustawa al-mutaqaddim li-barnamij al-taw'amah bayna al-Jami'ah al-Islamiyah al-'Alamiyah wa-Ma'had al-Mu'allimin al-'Ali bi-Maliziya / |c i'dad Ma'ad Ahmad Khalid; ishraf 'Abd al-Raziq Hasan Muhammad |
| 245 | 1 | 0 | |a تصميم مادة لمهارة الاستماع |b المستوى المتقدم لبرنامج التوءمة بين الجامعة الإسلامية العالمية ومعهد المعلمين العالي بماليزيا |c إعداد معهد أحمد خالد |
| 260 | 1 | |a Petaling Jaya, Selangor : |b Jami'ah al-Islamiyah al-'Alamiyah, |c 1996 | |
| 300 | |a 147, xvii p. ; |c 30 cm. | ||
| 500 | |a "Bahth takmili li-nayl darajat al-Majistir fi al-Lughah al-'Arabiyah bi-wasfiha lughat thaniyah."--On t. p. | ||
| 502 | |a Thesis (M.A.)--al-Jami'ah al-Islamiyah al-'Alamiyah Maliziya, Kulliyat Ma'arif al-Wahy wa-al-'Ulum al-Insaniyah, Qism al-Lughah al-'Arabiyah wa-Adabiha, 1996. | ||
| 504 | |a Includes bibliographical references (p. xiii-xvii). | ||
| 596 | |a 1 | ||
| 610 | 2 | 0 | |a International Islamic University Malaysia |
| 610 | 2 | 0 | |a Maktab Perguruan Islam (Malaysia) |
| 650 | 0 | |a Arabic language |x Phonetics Study and teaching Foreign speakers Malay | |
| 650 | 0 | |a Arabic language |x Study and teaching (Higher) |z Malaysia | |
| 655 | 0 | 7 | |a Theses, IIUM local |
| 690 | 0 | |a Dissertations, Academic |x Department of Arabic Language and Literature |z IIUM | |
| 710 | 2 | |a International Islamic University Malaysia. |b Department of Arabic Language and Literature | |
| 856 | 4 | |u hhttp://studentrepo.iium.edu.my/handle/123456789/8792 |z Click here to view 1st 24 pages of the thesis. Members can view fulltext at the specified PCs in the library. | |
| 900 | |a abu-checked a r r 140697-naw | ||
| 999 | |c 430973 |d 462464 | ||
| 952 | |0 0 |6 LU T PJ 6122 K45T 1996 |7 0 |8 THESES |9 750604 |a IIUM |b IIUM |c CLOSEACCES |g 0.00 |o lu t PJ 6122 K45T 1996 |p 00010981448 |r 2017-10-25 |t 1 |v 0.00 |y THESIS | ||
| 952 | |0 0 |6 LU T PJ 6122 K45T 1996 |7 0 |8 THESES |9 750605 |a IIUM |b IIUM |c CLOSEACCES |g 0.00 |o lu t PJ 6122 K45T 1996 |p 00000474290 |r 2017-10-25 |t 2 |v 0.00 |y THESIS | ||
| 952 | |0 0 |6 T PJ 6122 K45T 1996 |7 0 |8 THESES |9 750606 |a IIUM |b IIUM |c MULTIMEDIA |g 0.00 |o t PJ 6122 K45T 1996 |p 11100325258 |r 2017-10-20 |t 1 |v 0.00 |y THESIS | ||
| 952 | |0 0 |6 TS CDF PJ 6122 K45T 1996 |7 0 |8 THESES |9 796245 |a IIUM |b IIUM |c MULTIMEDIA |g 0.00 |o ts cdf PJ 6122 K45T 1996 |p 11100326506 |r 2017-10-26 |t 1 |v 0.00 |y THESISDIG | ||
